000
00201 a2200097 4500
001
4105
100
_a
Reinties,J.F
245
_a
Principles of radar
260
_a
_b
Mcgrawhill
_c
090
_c
3323
_d
3323
942
_a
NUST-CAE
_c
M
_c
25814
999
_c
239178
_d
239178